000 00476nam a2200169Ia 4500
005 20250923144231.0
008 008 250917s9999 xx 000 0 eng d
037 _aReports
040 _aDSWL
_beng
_cDSWL
041 _aeng
_2eng
084 _qDSWL
245 0 _aReport on a coordinated policy regarding family levels of living
_cby United, Nations
260 _aNew York
_b Dept of Econ &
_c1957
300 _a71 p.
942 _cREP
999 _c1436387
_d1436387